| 000 | 00379nam a2200145Ia 4500 | ||
|---|---|---|---|
| 005 | 20250325073728.0 | ||
| 008 | 240331s9999 xx 000 0 und d | ||
| 082 |
_bSIV _a894 |
||
| 100 | _aSivasankaran, T.K | ||
| 245 | 0 | _aVimarsanangal mathippuraikal peddikal | |
| 260 |
_aCoiambatore _bVijaya Pathippagam _c1994 |
||
| 300 | _a323 p ., | ||
| 500 | _aKatoorai thoguthi | ||
| 942 | _cL | ||
| 999 |
_c4174 _d4174 |
||